|
|
|
|
| LEADER |
03297njm a2200757 a 4500 |
| 001 |
000357139 |
| 003 |
CZ BrMZK |
| 005 |
20141016114520.0 |
| 008 |
010907s1998 xr f eng d |
| 028 |
0 |
3 |
|a MK 0702-2 931
|b Studio Matouš
|
| 040 |
|
|
|a BOA001
|b cze
|
| 080 |
|
|
|a 784/785"16/17"(086.7)
|2 MRF
|
| 245 |
0 |
0 |
|a Czech baroque music
|h [zvukový záznam]
|
| 246 |
3 |
3 |
|a Batalia
|
| 246 |
3 |
3 |
|a Duše v očistcovém ohni
|
| 246 |
3 |
3 |
|a Gavotte
|
| 246 |
3 |
3 |
|a Lytanie Lauretanae
|
| 246 |
3 |
3 |
|a Mein Jesus mich vergnügt
|
| 246 |
3 |
3 |
|a Missa Sanctissimae Trinitatis
|
| 246 |
3 |
3 |
|a O věčnosti
|
| 246 |
3 |
3 |
|a Partita in c
|
| 246 |
3 |
3 |
|a Recina coeli
|
| 246 |
3 |
3 |
|a Serenada
|
| 246 |
3 |
3 |
|a Sonata F major
|
| 246 |
3 |
3 |
|a Sonata vespertina
|
| 246 |
3 |
3 |
|a Sonáta B dur
|
| 246 |
3 |
3 |
|a Sonáta g moll
|
| 246 |
3 |
3 |
|a Stabat Mater
|
| 246 |
3 |
3 |
|a Alarmo soudu všeobecného
|
| 260 |
|
|
|a Praha :
|b Studio Matouš,
|c p1998
|
| 300 |
|
|
|a 1 CD :
|b DDD ;
|c 12 cm +
|e 1 složený list
|
| 306 |
|
|
|a 010142
|
| 490 |
1 |
|
|a Popular classics
|
| 500 |
|
|
|a Durata 61:42
|
| 500 |
|
|
|a Nahr. neuv
|
| 505 |
2 |
|
|a Regina coeli, Gavotte, Mein Jesus mich vergnügt ... [et al.].Sonáta c moll
|
| 511 |
0 |
|
|a Anna Hlavenková, soprán; Magdalena Kožená, mezzosoprán; Lubomír Moravec, kontratenor ... [et al.]. Musica Florea, um. ved. Marek Štryncl; Pražští madrigalisté, um. ved. Pavel Baxa; Capella Regia Musicalis, um. ved. Robert Hugo
|
| 653 |
0 |
|
|a Stabat Mater
|a barokní hudba
|a duchovní hudba
|a duchovní písně
|a komorní hudba
|a komorní serenády
|a komorní sonáty
|a litanie
|a mše
|a vokálně-instrumentální hudba
|
| 700 |
1 |
|
|a Thuri, František Xaver,
|d 1939-2019
|7 jn20000402351
|4 prf
|
| 700 |
1 |
|
|a Vejvanovský, Pavel,
|d asi 1640-1693
|7 jo20000069671
|4 cmp
|
| 700 |
1 |
|
|a Zelenka, Jan Dismas,
|d 1679-1745
|7 jn19990010036
|4 cmp
|
| 700 |
1 |
|
|a Štryncl, Marek,
|d 1974-
|7 jn20010602004
|4 cnd
|
| 700 |
1 |
|
|a Baxa, Pavol,
|d 1951-2020
|7 jn20000620012
|4 cnd
|
| 700 |
1 |
|
|a Biber, Heinrich Ignaz Franz,
|d 1644-1704
|7 jn19990000778
|4 cmp
|
| 700 |
1 |
|
|a Brožková, Jana,
|d 1968-
|7 jn20000400284
|4 prf
|
| 700 |
1 |
|
|a Hlavenková, Anna
|7 jn20010602001
|4 prf
|
| 700 |
1 |
|
|a Hoskovec, Václav,
|d 1962-
|4 prf
|
| 700 |
1 |
|
|a Hugo, Robert,
|d 1962-
|7 ola2002150202
|4 prf
|4 cnd
|
| 700 |
1 |
|
|a Jouza, Jan
|7 pna2005307418
|4 prf
|
| 700 |
1 |
|
|a Jouza, Vojtěch,
|d 1934-
|7 xx0149306
|4 prf
|
| 700 |
1 |
|
|a Kožená, Magdalena,
|d 1973-
|7 jn19990209409
|4 prf
|
| 700 |
1 |
|
|a Kridel, Johann Christoph,
|d 1672-1733
|7 ola2002153329
|4 cmp
|
| 700 |
1 |
|
|a Kubita, Jaroslav,
|d 1966-
|7 jo20000082793
|4 prf
|
| 700 |
1 |
|
|a Michna z Otradovic, Adam Václav,
|d 1600-1676
|7 jk01081495
|4 cmp
|
| 700 |
1 |
|
|a Moravec, Lubomír,
|c pěvec
|4 prf
|
| 700 |
1 |
|
|a Pospíšil, Michael,
|d 1962-
|7 jn20000402038
|4 prf
|
| 700 |
1 |
|
|a Předota, Stanislav
|7 jx20050714023
|4 prf
|
| 700 |
1 |
|
|a Sporka, Richard,
|d 1951-2012
|7 pna2006362615
|4 prf
|
| 710 |
2 |
|
|a Musica Florea
|7 kn20030215080
|4 prf
|
| 710 |
2 |
|
|a Pražští madrigalisté (hudební skupina)
|7 kn20010710285
|4 prf
|
| 710 |
2 |
|
|a Capella Regia Musicalis
|7 ko2002151749
|4 prf
|
| 830 |
|
0 |
|a Popular classics
|
| 910 |
|
|
|a BOA001
|b CD-0008.280
|
| 964 |
|
|
|a Hudba vokálně-instrumentální
|z stol.17.-18.
|x CD
|
| 990 |
|
|
|a AV
|
| 996 |
6 |
|
|b 261H008919
|c CD-0008.280
|l MZK
|r Sklad / do 24 hodin
|n 0
|p p.v.
|w 000357139
|u 000010
|a 1
|e BOA001
|j MZK50
|s P
|